Quizzes
Events
Quiz Creation
Community
Videos
Private Events
Remove Ads
Sign In
Join for FREE
Feedback
Dark Mode
Quiz Categories
Sports
Geography
Music
Movies
Television
Just For Fun
Miscellaneous
History
Literature
Language
Science
Gaming
Entertainment
Religion
Holiday
For Kids
Quiz Lab
Recent
Popular Today
Quiz Kudos Today
Editor Picks
Curator Picks
Quizzes by...
Day
Popularity
Type
Ratings
Length
Year
Community
Subscriptions
Recent Discussions
Orange Saloon
Badges
Playlists
Quests
Create
Leaderboards
Showdown
Live 5
Trivia Bingo
Activity
Puzzle Library
Sporcle Events
Private Events
Virtual Trivia
Globe League
Become a Host
Pub Owners
SporcleCon
Opinionation
Our Games
Videos
Blog
Mobile Apps
Partnerships
Remove Ads and Go Orange
Feedback
Sports
Athletes
MLB
NBA
NHL
NFL
Soccer
Sports Teams
WWE
NCAA
Football
Premier League
Basketball
Baseball
Hockey
Golf
Tennis
Cricket
Rugby
Auto Racing
Olympics
World Cup
Sports
Athletes
MLB
NBA
NHL
NFL
Soccer
Sports Teams
WWE
NCAA
Football
Premier League
Basketball
Baseball
Hockey
Golf
Tennis
Cricket
Rugby
Auto Racing
Olympics
World Cup
Random Quiz
Search Sporcle
×
Quiz Lab
Quiz Lab
Sports
Olympics
Type in answers that appear in a list
Type in answers that appear in a list
Classic
Best Score? Go Orange.
London 2012 Team GB Medalists Stats
Can you name the London 2012 Team GB Medalists?
By
Mirrorboy
15m
126 Questions
86 Plays
86 Plays
86 Plays
Comments
Comments
Give Quiz Kudos
Give Quiz Kudos
-
- Ratings
hide this ad
Replay
Link that replays current quiz
Next Quiz
Link to next quiz in quiz playlist
You Got
0%
They Got
Avg Score
37%
Avg Friend Score
Upgrade to see
Score Distribution
Jump to the score distribution portion of the page
Score
0/126
Timer
15:00
0
Plays Today
Medal
Medalist
% Correct
Gold
Mo Farah
95.2%
Gold
Jessica Ennis
95.2%
Gold
Mo Farah
95.2%
Gold
Chris Hoy
91.7%
Gold
Chris Hoy
91.7%
Gold
Bradley Wiggins
86.9%
Silver
Louis Smith
86.9%
Bronze
Louis Smith
86.9%
Gold
Greg Rutherford
84.5%
Gold
Laura Trott
84.5%
Gold
Laura Trott
84.5%
Gold
Andy Murray
82.1%
Silver
Andy Murray
82.1%
Gold
Jason Kenny
81%
Gold
Jason Kenny
81%
Gold
Jade Jones
76.2%
Silver
Samanthan Murray
73.8%
Gold
Victoria Pendleton
72.6%
Bronze
Rebecca Adlington
72.6%
Bronze
Rebecca Adlington
72.6%
Silver
Victoria Pendleton
72.6%
Gold
Nicola Adams
71.4%
Gold
Alistair Brownlee
69%
Bronze
Jonny Brownlee
67.9%
Bronze
Tom Daley
67.9%
Silver
Zara Phillips
66.7%
Gold
Anthony Joshua
65.5%
Bronze
Christopher Froome
64.3%
Bronze
Beth Tweddle
63.1%
Gold
Ben Ainslie
63.1%
Silver
Laura Robson
60.7%
Bronze
Max Whitlock
59.5%
Bronze
Max Whitlock
59.5%
Gold
Katherine Grainger
57.1%
Gold
Geraint Thomas
56%
Bronze
Kristian Thomas
56%
Gold
Luke Campbell
54.8%
Bronze
Sarah Thomas
54.8%
Gold
Peter Wilson
53.6%
Bronze
Robert Grabarz
53.6%
Bronze
Alan Campbell
52.4%
Gold
Dani King
48.8%
Medal
Medalist
% Correct
Silver
Nicola Wilson
48.8%
Gold
Carlotte Dujardin
48.8%
Gold
Carlotte Dujardin
48.8%
Bronze
Ed Clancy
47.6%
Gold
Ed Clancy
47.6%
Silver
Mary King
47.6%
Silver
Christine Ohuruogu
44%
Gold
Joanna Rowsell
44%
Gold
Nick Skelton
42.9%
Gold
Helen Glover
41.7%
Silver
Lizzie Armitstead
40.5%
Silver
Gemma Gibbons
39.3%
Gold
Philip Hindes
38.1%
Bronze
Anthony Ogogo
35.7%
Gold
Heather Stanning
34.5%
Silver
Michael Jamieson
34.5%
Bronze
Luatlo Muhammad
33.3%
Silver
David Florence
32.1%
Gold
Etienne Stott
31%
Silver
Fred Evans
31%
Bronze
Kate Walsh
31%
Gold
Anna Watkins
29.8%
Gold
Ed McKeever
29.8%
Silver
Mark Hunter
28.6%
Silver
Zac Purchase
27.4%
Gold
Steven Burke
26.2%
Gold
Andrew Triggs Hodge
25%
Gold
Katherine Copeland
25%
Silver
Saskia Clark
25%
Silver
William Fox-Pitt
23.8%
Bronze
Daniel Purvis
23.8%
Gold
Carl Hester
23.8%
Gold
Tim Baillie
22.6%
Bronze
Sam Oldham
22.6%
Silver
Nick Dempsey
22.6%
Gold
Tom James
21.4%
Silver
Andrew Simpson
21.4%
Bronze
Liam Heath
21.4%
Gold
Peter Kennaugh
20.2%
Bronze
Karina Bryant
20.2%
Silver
Rob Williams
20.2%
Bronze
Nicola White
20.2%
Medal
Medalist
% Correct
Silver
Richard Hounslow
19%
Silver
Kristina Cook
19%
Gold
Sophie Hosking
19%
Bronze
Laura Bechtolsheimer
19%
Gold
Laura Bechtolsheimer
19%
Silver
Hannah Mills
19%
Bronze
Greg Searle
17.9%
Silver
Iain Percy
17.9%
Gold
Peter Reed
15.5%
Bronze
Helen Richardson
15.5%
Gold
Scott Brash
14.3%
Bronze
Alex Danson
14.3%
Bronze
George Nash
11.9%
Bronze
Will Satch
11.9%
Bronze
Phelan Hill
11.9%
Gold
Peter Charles
10.7%
Bronze
Alex Partridge
9.5%
Silver
Luke Patience
9.5%
Gold
Ben Maher
8.3%
Silver
Peter Chambers
8.3%
Silver
Richard Chambers
8.3%
Gold
Alex Gregory
7.1%
Bronze
Jon Schofield
7.1%
Bronze
Crista Cullen
7.1%
Bronze
Mohamed Sbihi
6%
Bronze
Georgie Twigg
6%
Bronze
Chloe Rogers
4.8%
Bronze
Tom Ransley
3.6%
Bronze
Richard Egington
3.6%
Bronze
Ashleigh Ball
3.6%
Silver
Stuart Bithell
3.6%
Bronze
James Foad
2.4%
Bronze
Matthew Langridge
2.4%
Bronze
Constantine Louloudis
2.4%
Silver
Chris Bartley
2.4%
Bronze
Beth Storry
2.4%
Bronze
Laura Unsworth
2.4%
Bronze
Hannah MacLeod
2.4%
Bronze
Sally Walton
2.4%
Bronze
Emily Maguire
2.4%
Bronze
Anne Panter
1.2%
Bronze
Laura Bartlett
1.2%
Quiz Playlist
Details
Report
Send in Message
Add To Playlist
Classic:
Type in answers that appear in a list
Last Updated: Feb 16, 2017
Quiz Scoreboard
CHALLENGE
Sign Up to Join the Scoreboard
Show All
Scores
Hide
Comments
May contain spoilers
Recently Published
Click the 1999 NBA Draft
by nibperrychub
Sports
2m
Alphabetical 'K' Countries by Flag Minefield
by ylime102
Geography
3m
Pick 6: Fruits
by JohnFran
Miscellaneous
15s
More to Explore
Quiz From the Vault
Featured Blog Post
15 Basketball Trivia Facts You Can Be March Mad About
hide this ad
You Might Also Like...
Tags
Olympics Quiz
britain
Great Britain
London
London 2012
Medal
Medalist
Medal Winners
UK
Today's Top Quizzes in Sports
Browse Sports
hide this ad
Today's Top Quizzes in Olympics
Browse Olympics
Top Contributed Quizzes in Sports
1
Les joueurs à 100 buts en Ligue 1 Uber Eats
2
Pick 6: NFL Teams
3
2022 World Cup Stars
4
MLB 2 truths and a lie: Hall of Fame pitchers
5
Millionaire: NBA Finals Edition
6
Pick 6: Minor League Baseball
7
Criteria MLB: Left Handed Sluggers
8
Click the 1998 NBA Draft
9
Pick 6: Olympics
10
Don't Strike Out: 3000 Strikeouts
Explore More
Trending Topics
Marvel
Harry Potter
NBA
Kpop
Anime
Disney
Crossword
Song
The Office
WWE
Country
Pokémon
Soccer
Puzzle
NFL
hide this ad
More By:
Mirrorboy
Quiz
Plays
Rating
Category
Featured
Created
Clickable: Films from their German Title
5,366
4.45
Movies
Apr 24, 2012
Premier League Records
2,823
3.14
Sports
Feb 23, 2010
A Storm of Swords Characters by Appendix Description
2,578
4.77
Literature
Apr 10, 2013
Country Quiz: Skyrim
2,088
4.67
Gaming
Mar 26, 2013
UK History Grab Bag
2,069
3.70
History
Jun 24, 2011
Go to Creator's Profile
Score Distribution
Quiz Creator Spotlight
Mirrorboy
Follow
Send a Message
Quizzes Created
-
Created Quiz Play Count
-
More By This Creator
Popular Quizzes Today
1
Countries of Asia Without Outlines Minefield
2
Find the US States - No Outlines Minefield
3
Pick 6: Fruits
4
Alphabetical 'K' Countries by Flag Minefield
5
The Countries of the World
6
Find the Countries of Europe - No Outlines Minefield
7
Find the US States
8
US States
More Sports Quizzes
NFL Alma Maters
Published
Trending Quizzes
Pick 6: Mountains
Pick 6: Harry Potter
Pick 6: Flags
Pick 6: NFL Teams
Pick 6: Movie Franchises
Recently Updated
NWSL Teams
pecheneg
Women's Final Four Teams by Year
bhenderson79
Presidents Quartet II
eogle
Anything But Clue(do)
eogle
Anything But Oceanian Capitals
eogle
Anything But 7
eogle
Anything But Thing
eogle
Word Ladder: February 29
pecheneg
Song Title Questions
pecheneg
Women's NCAA Tournament #1 Seeds
pecheneg
Trending Topics
Harry Potter
NBA
Crossword
Kpop
Anime
Marvel
Disney
Country
NFL
Puzzle
The Office
Pokémon
WWE
Soccer
Song
Your Account Isn't Verified!
In order to create a playlist on Sporcle, you need to verify the email address you used during registration. Go to your
Sporcle Settings
to finish the process.
Report this User
Report this user for behavior that violates our
Community Guidelines
.
Details:
Send Report
Go to the Sporcle.com Mobile Site →
Comments